1604 1994 1503 1492 1341 1022 1279 1049 1235 1379 1375 1763 1784 1671 1346 1181 1111 1098 1894 1404 1331 1630 1706 1783 1596 1877 1502 1884 1028 1951 1794 1324 1306 1520 1013 1434 1350 1955 1744 1999 1898 1311 1513 1687 1749 1917 1769 1447 1665 1274 1891 1021 1773 1297 1713 1856 1169 1011 1361 1225 1336 1652 1384 1179 1066 1726 1162 1198 1724 1450 1791 1047 1473 1644 1758 1943 1011 1198 1693 1443 1832 1717 1916 1929 1410 1075 1685 1161 1182 1992 1674 1032 1528 1079 1609 1981 1690 1435 1612 BCNSPRNW ULIB Ver.6.0+V

เปลี่ยนเป็นภาษาไทย

Change to English
 แสดงรายละเอียดบรรณานุกรม
  กลับหน้าหลัก

Brief Record : Get Marc (ISO 2709) : E-mail record : QR code < ปิดหน้าต่าง
LEADER : 00000nam 2200000uu 4500
001    13399111401
003     ULIB
008    110623s||||||||th 000 0 tha d
020    9789741648030
050  4 BQ860^bพ411พ 2551
100 0  พระสมบัติ รกขิตจิตโต
245 10 พุทธประวัติ /^cพระสมบัติ รกขิตจิตโต
250    พิมพ์ครั้งที่ 1
260    กรุงเทพฯ :^bเอส เอ็ม เค พริ้นติ้ง,^c2552
300    143 หน้า :^bภาพประกอบสี
650  7 พระพุทธเจ้า^vชีวประวัติ
945    ^p0^l0^i025754
995    ทศพร
999 ^a ใช้งานได้ทุกระบบ
รายการนี้ยังไม่มีแท็ก
คุณยังไม่ได้ล็อกอิน คุณสามารถมีกิจกรรมร่วมกับเว็บไซต์ได้ แต่ต้องล็อกอินก่อน ::
  ล็อกอิน

รายการสื่อสารสนเทศ

ลำดับที่ ประเภท เลขเรียก/บาร์โค้ด สถานที่ สถานะ
- ไม่พบข้อมูล -

BibComment


ยังไม่เคยถูกคอมเมนท์

คอมเมนท์ทรัพยากรรายการนี้
  คอมเมนท์: พุทธประวัติ พระส..


 Copyright 2026. Bcnsprnw @Library